000 00370nam a22001337a 4500
008 230627b xxu||||| |||| 00| 0 eng d
020 _a9966949976
082 _a338.7
_bMOY 2006
245 _aPolicy Advocacy Needs of MSE Associations
260 _aKenya
_bKenya Institute for Public Policy Research and Analysis
_c2006
300 _a44p
440 _n8
942 _2ddc
_cBK
999 _c2936
_d2936